| 000 | 01155cam a22002894a 4500 | ||
|---|---|---|---|
| 005 | 20180803165028.0 | ||
| 008 | 010607s2001 cauab 001 0 eng | ||
| 020 | _a1879102897 | ||
| 040 |
_aDLC _cDLC _dDLC _dCO-BoIAVH |
||
| 041 | 0 | _aeng | |
| 044 | _axxu | ||
| 082 | 0 | 0 |
_a910.285 _bO73g |
| 100 | 1 | _aOrmsby, Tim. | |
| 245 | 1 | 0 |
_aGetting to know ArcGIS desktop : _bbasics of ArcView, ArcEditor, and ArcInfo / _cTim Ormsby [y otros 4] |
| 260 |
_aRedlands, Calif. : _bESRI Press, _cc2001. |
||
| 300 |
_axii, 538 páginas : _bilustracionnes a color y mapas a color; _c23 x 19 centímetros + _e1 disco compacto (4 3/4 in.) |
||
| 500 | _aIncluye índice. | ||
| 538 | _aSystem requirements for accompanying computer disc: Microsoft Windows 2000 or windows NT (Service Pack 6a). | ||
| 630 | 1 | 0 | _aArcGIS. |
| 650 | 6 | _aSistemas de información geográfica | |
| 650 | 4 | _aInterfaces gráficas de usuario (Sistemas informáticos) | |
| 700 | 1 |
_aNapoleon, Eileen _eautora |
|
| 700 | 1 |
_aBurke, Robert _eautor |
|
| 700 | 1 |
_aGroessl, Carolyn _eautora |
|
| 700 | 1 |
_aFeaster, Laura _eautora |
|
| 942 |
_2ddc _cLIBRO |
||
| 999 |
_c2686 _d2686 |
||